000 00418ncm a2200157 a 4500
020 _a(hb)
082 _a575.134
_bDAR
100 1 _aDarwin, Charles
_949875
245 1 _aThe Origin of Species :
_bby means of natural selection.
250 _a6th ed.
260 _aLondon:
_bWatts,
_c1929
300 _a434p.
526 _a0
_b0
_c0
_d575_134000000000000_DAR
650 _aEvolution (Biology)
_912170
942 _2ddc
_cBK
999 _c552618
_d552618